00261nam a22000977a 4500008004100000100002900041245003700070250001700107260003100124300000800155240615b |||||||| |||| 00| 0 eng d aA. P. Godse & U.A Bakshi aElectronic Devices & Circuits-II a3rd Rev. Ed. aPunebTechnical Pub.c2002 a772